[Event "Arber op 6th"]
[Site "Bodenmais"]
[Date "2017.08.06"]
[Round "9"]
[White "Serhun, Haluk Ramon"]
[Black "Grund, Sebastian"]
[Result "1/2-1/2"]
[WhiteElo "1779"]
[BlackElo "1898"]
[PlyCount "73"]
[EventDate "2017.07.29"]
[EventType "swiss"]
[EventRounds "9"]
[EventCountry "GER"]
[SourceTitle "EXT 2018"]
[Source "ChessBase"]
[SourceDate "2017.10.13"]
[SourceVersion "1"]
[SourceVersionDate "2017.10.13"]
[SourceQuality "1"]

1. c4 c5 2. Nc3 g6 3. Nf3 Bg7 4. g3 Nc6 5. Bg2 e6 6. e4 Nge7 7. 0-0 0-0 8. Ne1 f5 9. d3 Nd4 10. Be3 Nec6 11. Qd2 d6 12. Bg5 Qd7 13. exf5 Nxf5 14. g4 Nfd4 15. Ne2 Nxe2+ 16. Qxe2 b6 17. Nf3 Bb7 18. Be3 d5 19. h3 Rae8 20. Rad1 Qc7 21. b3 d4 22. Bd2 e5 23. Ng5 h6 24. Bd5+ Kh8 25. Ne6 Rxe6 26. Bxe6 Ne7 27. Bd5 Nxd5 28. cxd5 Bxd5 29. f3 Qc6 30. Kg2 Kh7 31. Be1 Qf6 32. Bg3 Qc6 33. Rde1 Qb7 34. Rf2 Qc6 35. Ref1 Qd6 36. Kh2 Re8 37. Re1 1/2-1/2

[Event "Arber op 6th"]
[Site "Bodenmais"]
[Date "2017.08.03"]
[Round "6"]
[White "Wudi, Tobias"]
[Black "Serhun, Haluk Ramon"]
[Result "0-1"]
[WhiteElo "1424"]
[BlackElo "1779"]
[PlyCount "60"]
[EventDate "2017.07.29"]
[EventType "swiss"]
[EventRounds "9"]
[EventCountry "GER"]
[SourceTitle "CBM 179 Extra"]
[Source "ChessBase"]
[SourceDate "2017.08.23"]
[SourceVersion "1"]
[SourceVersionDate "2017.08.23"]
[SourceQuality "1"]

1. e4 d6 2. d4 Nf6 3. Nc3 g6 4. Nf3 Bg7 5. Bc4 0-0 6. Be3 c5 7. d5 b5 8. Nxb5 Nxe4 9. Rb1 a6 10. Na3 Bxb2 11. Bd3 Qa5+ 12. Kf1 Nc3 13. Nc4 Nxd1 14. Nxa5 Nxe3+ 15. fxe3 Bc3 16. Nc4 Bg4 17. Rb7 Nd7 18. h3 Bxf3 19. gxf3 Nf6 20. Rxe7 Nxd5 21. Re4 Nf6 22. Re7 d5 23. Nb6 Rae8 24. Rxe8 Rxe8 25. Kf2 c4 26. Be2 Re6 27. Na4 Bd2 28. e4 dxe4 29. Rd1 e3+ 30. Kg2 Rc6 0-1

[Event "Manavgat Turkey Cup"]
[Site "Manavgat"]
[Date "2015.02.05"]
[Round "9"]
[White "Serhun, Haluk Ramon"]
[Black "Zengin, Hande"]
[Result "0-1"]
[WhiteElo "1819"]
[BlackElo "1603"]
[PlyCount "122"]
[EventDate "2015.01.31"]
[EventType "swiss"]
[EventRounds "11"]
[EventCountry "TUR"]
[SourceTitle "CBM 164 Extra"]
[Source "ChessBase"]
[SourceDate "2015.03.02"]
[SourceVersion "1"]
[SourceVersionDate "2015.03.02"]
[SourceQuality "1"]

1. c4 c6 2. Nf3 d5 3. g3 Nf6 4. Bg2 g6 5. 0-0 Bg7 6. cxd5 cxd5 7. d4 0-0 8. Nc3 Nc6 9. e3 e6 10. a3 Na5 11. Nd2 Qc7 12. Qc2 Bd7 13. b4 Nc4 14. Nxc4 Qxc4 15. Bb2 Rac8 16. Rfc1 Rc7 17. b5 Rcc8 18. Bf1 Qc7 19. Qb3 Qb8 20. a4 Rfd8 21. Ba3 Bf8 22. Bxf8 Kxf8 23. Qb4+ Kg7 24. b6 axb6 25. Qxb6 Rc6 26. Qb4 Rdc8 27. Bb5 R6c7 28. Qb2 Bxb5 29. axb5 b6 30. f3 Ne8 31. e4 dxe4 32. fxe4 Nd6 33. d5 Nc4 34. Qf2 Ne5 35. Qe3 Rc4 36. Ne2 Rxc1+ 37. Rxc1 Rxc1+ 38. Qxc1 Qd6 39. Nf4 g5 40. Qc3 Kh6 41. Nd3 Ng4 42. dxe6 fxe6 43. e5 Qd5 44. h4 Qxb5 45. hxg5+ Kxg5 46. Qd2+ Kg6 47. Qe2 Qb1+ 48. Kg2 h5 49. Qe4+ Kh6 50. Qf4+ Kg6 51. Qd2 Qb5 52. Qe2 Qb1 53. Nf4+ Kf5 54. Nd3 Qb5 55. Qf1+ Kg5 56. Qf4+ Kg6 57. Qe4+ Kh6 58. Qf4+ Kg6 59. Qe4+ Kh6 60. Qf4+ Kg6 61. Kh3 Qxd3 0-1

[Event "Manavgat Turkey Cup"]
[Site "Manavgat"]
[Date "2015.02.03"]
[Round "5"]
[White "Serhun, Haluk Ramon"]
[Black "Dogan, Nazmi Can"]
[Result "0-1"]
[WhiteElo "1819"]
[BlackElo "2169"]
[PlyCount "66"]
[EventDate "2015.01.31"]
[EventType "swiss"]
[EventRounds "11"]
[EventCountry "TUR"]
[SourceTitle "CBM 164 Extra"]
[Source "ChessBase"]
[SourceDate "2015.03.02"]
[SourceVersion "1"]
[SourceVersionDate "2015.03.02"]
[SourceQuality "1"]

1. c4 e5 2. Nc3 Nf6 3. Nf3 Nc6 4. e4 Bb4 5. d3 d6 6. g3 Bg4 7. Bg2 Nd7 8. h3 Bxf3 9. Bxf3 a6 10. 0-0 0-0 11. Nd5 Bc5 12. a3 Nd4 13. b4 Ba7 14. Bg2 c6 15. Ne3 g6 16. Bb2 Ne6 17. Qd2 Bd4 18. Bxd4 Nxd4 19. Rab1 a5 20. f4 axb4 21. axb4 Ra3 22. h4 exf4 23. Rxf4 Ne5 24. Ng4 Rxd3 25. Qb2 Rb3 26. Qxd4 Rxb1+ 27. Kh2 Nxg4+ 28. Rxg4 Rxb4 29. h5 Qe7 30. Qd2 Rxc4 31. Qh6 Qe5 32. hxg6 fxg6 33. Rh4 Rf7 0-1

[Event "Manavgat Turkey Cup"]
[Site "Manavgat"]
[Date "2015.02.02"]
[Round "4"]
[White "Borekcioglu, Zeynep Dilara"]
[Black "Serhun, Haluk Ramon"]
[Result "0-1"]
[WhiteElo "1695"]
[BlackElo "1819"]
[PlyCount "55"]
[EventDate "2015.01.31"]
[EventType "swiss"]
[EventRounds "11"]
[EventCountry "TUR"]
[SourceTitle "CBM 164 Extra"]
[Source "ChessBase"]
[SourceDate "2015.03.02"]
[SourceVersion "1"]
[SourceVersionDate "2015.03.02"]
[SourceQuality "1"]

1. e4 d6 2. d4 Nf6 3. Nc3 g6 4. Bg5 Bg7 5. f3 c5 6. dxc5 Qa5 7. Qd2 Qxc5 8. 0-0-0 a6 9. Nge2 b5 10. Be3 Qc7 11. Nd4 Bd7 12. Bh6 0-0 13. g4 Nc6 14. Bxg7 Kxg7 15. Nd5 Nxd5 16. exd5 Ne5 17. h4 h6 18. h5 Rh8 19. g5 hxg5 20. Qxg5 f6 21. h6+ Kf7 22. Qe3 Rac8 23. Bh3 f5 24. f4 Nc4 25. Qe2 Nb6 26. Bg2 Qc4 27. Rhe1 Qxe2 28. Rxe2 0-1

[Event "TUR-ch"]
[Site "Antalya"]
[Date "2013.02.05"]
[Round "6"]
[White "Serhun, Haluk Ramon"]
[Black "Kayar, Mehmet Erdem"]
[Result "0-1"]
[WhiteElo "1813"]
[BlackElo "2087"]
[PlyCount "94"]
[EventDate "2013.02.02"]
[EventType "swiss"]
[EventRounds "11"]
[EventCountry "TUR"]
[SourceTitle "CBM 152 Extra"]
[Source "ChessBase"]
[SourceDate "2013.02.25"]
[SourceVersion "1"]
[SourceVersionDate "2013.02.25"]
[SourceQuality "1"]

1. c4 c5 2. Nc3 g6 3. g3 Bg7 4. Bg2 Nc6 5. Nf3 e5 6. d3 Nge7 7. 0-0 0-0 8. a3 d6 9. Rb1 a5 10. Ne1 Be6 11. e4 Nd4 12. f4 Nec6 13. Nd5 exf4 14. Bxf4 Ne5 15. h3 Bxd5 16. cxd5 a4 17. Nc2 Nxc2 18. Qxc2 Qb6 19. Kh1 Qa6 20. Bxe5 Bxe5 21. g4 Rac8 22. Qc4 b5 23. Qc2 c4 24. dxc4 Rxc4 25. Qf2 Qc8 26. Rfe1 Rc2 27. Re2 Rc1+ 28. Re1 Rc2 29. Re2 Rc5 30. Rf1 f6 31. Qf3 Qb7 32. h4 Qe7 33. Ref2 h6 34. Bh3 g5 35. h5 Bf4 36. Qd3 Qe5 37. Bg2 Rfc8 38. b3 Qc3 39. Rf3 axb3 40. Qb1 Qd2 41. Qxb3 Rc3 42. Qd1 Qb2 43. Qd4 Be5 44. Qd1 Rc1 45. Qd3 Rxf1+ 46. Rxf1 Rc3 47. Qd1 Rh3+ 0-1

[Event "TUR-ch"]
[Site "Antalya"]
[Date "2013.02.04"]
[Round "4"]
[White "Serhun, Haluk Ramon"]
[Black "Okus, Melih"]
[Result "0-1"]
[WhiteElo "1813"]
[BlackElo "2000"]
[PlyCount "132"]
[EventDate "2013.02.02"]
[EventType "swiss"]
[EventRounds "11"]
[EventCountry "TUR"]
[SourceTitle "CBM 152 Extra"]
[Source "ChessBase"]
[SourceDate "2013.02.25"]
[SourceVersion "1"]
[SourceVersionDate "2013.02.25"]
[SourceQuality "1"]

1. c4 e5 2. Nc3 Nc6 3. Nf3 g6 4. d4 exd4 5. Nxd4 Bg7 6. Nxc6 bxc6 7. e4 Ne7 8. Bd3 0-0 9. 0-0 d6 10. Be3 c5 11. Qd2 Nc6 12. Bg5 f6 13. Bh6 Be6 14. Bxg7 Kxg7 15. f4 Bf7 16. Rf3 Qd7 17. Rg3 Rh8 18. Ne2 Nd4 19. Qc3 Nxe2+ 20. Bxe2 Qe6 21. Re1 Rae8 22. Bd3 Re7 23. h3 Rhe8 24. Rge3 Kg8 25. b3 c6 26. Be2 d5 27. cxd5 cxd5 28. Bg4 Qb6 29. exd5 c4 30. Be6 Bxe6 31. dxe6 Rxe6 32. Kf2 Re4 33. Kf3 Rxe3+ 34. Rxe3 Qc6+ 35. Kf2 Rxe3 36. Kxe3 Qxg2 37. Qxc4+ Kg7 38. Qc7+ Kh6 39. Qf7 Qxh3+ 40. Kd4 Qh4 41. Ke4 Qe1+ 42. Kf3 Qc3+ 43. Ke4 Qc2+ 44. Kf3 Qxa2 45. Qxf6 Qxb3+ 46. Kg4 Qd1+ 47. Kg3 Qg1+ 48. Kh4 Qc5 49. Kg3 a5 50. Qh4+ Kg7 51. Qd8 Qe3+ 52. Kg2 Qxf4 53. Qxa5 Qg4+ 54. Kh2 Kh6 55. Qd2+ Qg5 56. Qd6 Kh5 57. Qd1+ Qg4 58. Qd5+ Qf5 59. Qd1+ Kg5 60. Qg1+ Kh6 61. Qe3+ g5 62. Qb6+ Kh5 63. Qd8 Kh4 64. Qh8 h5 65. Kg1 Qf3 66. Qd4+ Qg4+ 0-1

[Event "TUR-ch"]
[Site "Antalya"]
[Date "2013.02.03"]
[Round "3"]
[White "Kerem, Halil Ozgun"]
[Black "Serhun, Haluk Ramon"]
[Result "0-1"]
[WhiteElo "1566"]
[BlackElo "1813"]
[PlyCount "60"]
[EventDate "2013.02.02"]
[EventType "swiss"]
[EventRounds "11"]
[EventCountry "TUR"]
[SourceTitle "CBM 152 Extra"]
[Source "ChessBase"]
[SourceDate "2013.02.25"]
[SourceVersion "1"]
[SourceVersionDate "2013.02.25"]
[SourceQuality "1"]

1. d4 Nf6 2. Bf4 e6 3. e3 d5 4. Nd2 c5 5. c3 Nc6 6. Bd3 Bd6 7. Bxd6 Qxd6 8. f4 Bd7 9. a3 Rc8 10. Ngf3 Ng4 11. Qe2 f5 12. h3 Nf6 13. Ne5 cxd4 14. cxd4 0-0 15. g4 Ne4 16. Rg1 Nxd2 17. Kxd2 Nxe5 18. fxe5 Qb6 19. b4 f4 20. g5 fxe3+ 21. Kxe3 Rc3 22. g6 h6 23. Rgc1 Qd8 24. Qg4 Qc7 25. Rf1 Rxf1 26. Rxf1 Rxd3+ 27. Kxd3 Qc4+ 28. Ke3 Qxf1 29. Qf3 Qxf3+ 30. Kxf3 Be8 0-1